| 000 | 00462nam a2200157Ia 4500 | ||
|---|---|---|---|
| 008 | 210716s2010 xx 000 0 und d | ||
| 020 | _a9789350231937 | ||
| 041 | _aeng | ||
| 082 | _a004.36 HEWE | ||
| 100 | _aHewitt, Eben. | ||
| 245 |
_aCassandra: the definitive guide. _bDefinitive guide. |
||
| 250 | _a1 | ||
| 260 |
_aNew Delhi _bShroff Publishers and Distributors Pvt Ltd _c2010 |
||
| 300 | _axxiii,301,23 | ||
| 650 | _aDistributed Computer, Client Server | ||
| 999 |
_c195278 _d195278 |
||